000 00272nam a2200109Ia 4500
008 200302s9999 xx 000 0 und d
100 _aNorman Foster
245 _aModern British Architecture Since 1945
260 _bRiba Magazines Ltd.
260 _c1984
300 _a185 P.,
999 _c1435
_d1435